| 000 | 00667nam a2200133Ia 4500 | ||
|---|---|---|---|
| 008 | 220615s9999||||xx |||||||||||||| ||und|| | ||
| 020 | _a9782890000000 | ||
| 245 | 0 | _aWho Runs? Psychological, Physiological and Pathophysiological Aspects of Recreational Endurance Athletes | |
| 546 | _aEnglish[eng] | ||
| 650 | _aaerobic exercise||psychology||physiology||pathophysiology||endurance sport||amateur athletes | ||
| 700 | _aTheodoros Nikolaidis, Pantelis||Knechtle, Beat||Quartiroli, Alessandro | ||
| 856 | _uhttps://www.frontiersin.org/research-topics/9610/who-runs-psychological-physiological-and-pathophysiological-aspects-of-recreational-endurance-athlet | ||
| 942 | _cEB | ||
| 999 |
_c9154 _d9154 |
||